Представление документа в формате MARC21

Поле Инд. ПП Название Значение
Тип записи a
Библиографический уровень b
001 Контрольный номер RU/IS/BASE/222363786
005 Дата корректировки 20200522191059.7
008 Кодируемые данные 20070117
040 b Код языка каталог. rus
e Правила каталог. PSBO
041 0_ a Код языка текста rus
084 a Индекс другой классификации/Индекс ББК 65.010.11; 65.012.34; 65.02(0)6-2
100 1_ a Автор Попова Т. А.
q Полное имя Попова Татьяна Анатольевна
245 10 a Заглавие Теоретические основы финансовых концепций регулирования воспроизводственных процессов
504 a Библиография Примеч. - Библиогр. в примеч.
520 a Аннотация Автор, "не претендуя на полноту, предлагает вниманию читателей рассмотрение отдельных сторон, подходов, гипотез, связанных с историей теории инвестиций с позиций становления и трансформации концепций финансового регулирования общественного развития"
600 a Персоналии Кейнс Джон Мейнард
a Персоналии Солоу Роберт Мертон
650 a Основная рубрика история экономических учений
a Основная рубрика экономика
a Основная рубрика экономическая теория
653 a Ключевые слова XX век
a Ключевые слова воспроизводство
a Ключевые слова государственное регулирование экономики
a Ключевые слова инвестиции
a Ключевые слова институционально-эволюционный подход
a Ключевые слова макроэкономика
a Ключевые слова неоклассический подход
a Ключевые слова новейшее время
a Ключевые слова регулирование воспроизводства
a Ключевые слова Солоу модель
a Ключевые слова теория контрактов
a Ключевые слова теория общественного выбора
a Ключевые слова теория трансакционных издержек
773 0_ t Заглавие источника Высшее образование сегодня
d Дата издания источника 2006
g Прочая информация № 12. - С. 32 - 37
w Контрольный № источника RU/IS/BASE/222192304
901 t Тип документа b